LEADER 01394nam 2200253la 450 001 9910482675503321 005 20221102152819.0 035 $a(UK-CbPIL)2090318143 035 $a(CKB)5500000000094419 035 $a(EXLCZ)995500000000094419 100 $a20221102d1594 uy | 101 0 $adan 135 $aurcn||||a|bb| 200 10$aDen norske Hirdskraa, eller Gaards Ręt, huor aff forfaris kand, huorledis Rigit vdi fordum Dage vaar skickit, oc huorledis Kongerne vdi de Dage haffue huldit Hoff, oc huad huer Hoffsindere oc andre Under saatte deris Kald oc Embede haffuer verit, saa mange som haffuer hafft nogen Bestilling, Vdset af Gammel Norske paa Danske [af Arild Huitfeldt] 210 $aCopenhagen $cMads Vingaard$d1594 215 $aOnline resource (xii, 112 s.) 300 $aReproduction of original in Det Kongelige Bibliotek / The Royal Library (Copenhagen). 700 $aHuitfeldt$b Arild$f1546-1609.$0854816 801 0$bUk-CbPIL 801 1$bUk-CbPIL 906 $aBOOK 912 $a9910482675503321 996 $aDen norske Hirdskraa, eller Gaards Ręt, huor aff forfaris kand, huorledis Rigit vdi fordum Dage vaar skickit, oc huorledis Kongerne vdi de Dage haffue huldit Hoff, oc huad huer Hoffsindere oc andre Under saatte deris Kald oc Embede haffuer verit, saa mange som haffuer hafft nogen Bestilling, Vdset af Gammel Norske paa Danske$91908830 997 $aUNINA